| 000 | 00677nam a2200229Ia 4500 | ||
|---|---|---|---|
| 003 | OSt | ||
| 005 | 20250926141237.0 | ||
| 008 | 220926b |||||||| |||| 00| 0 eng d | ||
| 037 | _cReference | ||
| 040 |
_aRTL _cRTL _beng |
||
| 041 |
_2eng _aeng |
||
| 084 |
_aR17, F9.1 _qRTL |
||
| 100 |
_aHegel _9373884 |
||
| 245 | 0 | _aScience of logic | |
| 260 |
_aLondon _bGeorge Allen & Unwin _c1929 |
||
| 300 |
_a404 p. _ccm. _bIncludes bibliographical references and index. |
||
| 490 | _vVol.1 | ||
| 700 |
_a JOHNSTON W H _9373885 _eTranslator. |
||
| 700 |
_a STRUTHERS L G Tr. _9373886 |
||
| 942 |
_hR17, F9/SC _cREF _2CC _n0 |
||
| 999 |
_c693590 _d693590 |
||